000
00289nam a2200121Ia 4500
008
190216s9999||||xx |||||||||||||| ||und||
100
_a
Singh P R&Amp; Dikshit S K
245
0
_a
Molecular Spectroscopy
260
_b
S Chand & Co
_c
1982
300
_a
125p
650
_a
Chemistry
942
_c
BK
999
_c
2371
_d
2371